00850cam 2200253 4500001000800000005001700008008004100025035002100066906004500087010001700132020001500149040001800164050002300182082001300205100003600218245010200254260004400356300002400400504004100424650002100465600003200486991004900518099002900567460043919860207000000.0710115s1970 cau b 001 0 eng  9(DLC) 76119372 a7bcbccorignewd4encipf19gy-gencatlg a 76119372  a0887355118 aDLCcDLCdDLC00aBJ604.P7bH8 1970b00a170/.9241 aHudson, W. D.q(William Donald)10aReason and right;ba critical examination of Richard Price's moral philosophyc[by] W. D. Hudson. aSan Francisco,bFreeman, Cooperc[1970] axii, 205 p.c24 cm. aIncludes bibliographical references. 0aEthicsxHistory.10aPrice, Richard,d1723-1791. bc-GenCollhBJ604.P7iH8 1970btCopy 1wBOOKS ahudson-reason-1072028815